[Event "HUN-chT4 1112"]
[Site "Hungary"]
[Date "2012.02.05"]
[Round "6.3"]
[White "Gal, Tibor"]
[Black "Torok, Attila"]
[Result "1-0"]
[WhiteElo "1991"]
[BlackElo "1813"]
[PlyCount "31"]
[EventDate "2011.09.11"]
[EventType "team-tourn"]
[EventRounds "9"]
[EventCountry "HUN"]
[SourceTitle "EXT 2016"]
[Source "ChessBase"]
[SourceDate "2015.10.08"]
[SourceVersion "1"]
[SourceVersionDate "2015.10.08"]
[SourceQuality "1"]

1. e4 e5 2. Nf3 Nc6 3. Bc4 Bc5 4. 0-0 Nf6 5. d4 Nxd4 6. Nxe5 0-0 7. Be3 Ne6 8. Bxe6 Bxe3 9. Bxf7+ Rxf7 10. Nxf7 Kxf7 11. fxe3 Qe7 12. Nc3 Kg8 13. Nd5 Qxe4 14. Rxf6 c6 15. Qf3 Qxf3 16. Ne7+ 1-0

[Event "HUN-chT4 1112"]
[Site "Hungary"]
[Date "2011.09.11"]
[Round "1.1"]
[White "Gal, Tibor"]
[Black "Nagy, Tibor"]
[Result "1-0"]
[WhiteElo "1991"]
[BlackElo "1807"]
[PlyCount "101"]
[EventDate "2011.09.11"]
[EventType "team-tourn"]
[EventRounds "9"]
[EventCountry "HUN"]
[SourceTitle "EXT 2016"]
[Source "ChessBase"]
[SourceDate "2015.10.08"]
[SourceVersion "1"]
[SourceVersionDate "2015.10.08"]
[SourceQuality "1"]

1. e4 e5 2. Nf3 Nc6 3. Bc4 Nf6 4. Ng5 d5 5. exd5 Nxd5 6. Nxf7 Kxf7 7. Qf3+ Ke6 8. Nc3 Ncb4 9. Qe4 c6 10. a3 Na6 11. d4 Bd6 12. Nxd5 cxd5 13. Qxd5+ Kd7 14. Bxa6 Ke8 15. Bb5+ Kf8 16. Qf3+ Qf6 17. Qxf6+ gxf6 18. dxe5 Bxe5 19. 0-0 Rg8 20. g3 Be6 21. c3 a6 22. Bh6+ Kf7 23. Bd3 f5 24. Rfe1 Kf6 25. f4 Bd6 26. Bg5+ Kf7 27. Rxe6 Kxe6 28. Bc4+ Kd7 29. Bxg8 Rxg8 30. Rd1 Rg6 31. Kf2 h6 32. Bh4 Kc7 33. Rd5 Re6 34. Rxf5 Kc6 35. b4 b5 36. Rf6 Re4 37. Rxh6 Kd5 38. Rxd6+ Kxd6 39. Bf6 Ke6 40. Bd4 Kf5 41. h3 Re7 42. Kf3 Rh7 43. g4+ Kg6 44. f5+ Kf7 45. Kg3 Rh6 46. g5 Rc6 47. g6+ Kg8 48. h4 a5 49. h5 axb4 50. axb4 Rc4 51. h6 1-0

[Event "HUN-chT2 Szechenyi 1011"]
[Site "Hungary"]
[Date "2011.05.15"]
[Round "11.9"]
[White "Duffner, Attila"]
[Black "Gal, Tibor"]
[Result "0-1"]
[WhiteElo "1788"]
[BlackElo "2002"]
[PlyCount "94"]
[EventDate "2010.09.12"]
[EventType "team-tourn"]
[EventRounds "11"]
[EventCountry "HUN"]
[SourceTitle "EXT 2012"]
[Source "ChessBase"]
[SourceDate "2011.11.24"]
[SourceVersion "1"]
[SourceVersionDate "2011.11.24"]
[SourceQuality "1"]
[WhiteTeam "Tapolca"]
[BlackTeam "Sarvar"]
[WhiteTeamCountry "HUN"]
[BlackTeamCountry "HUN"]

1. d4 Nf6 2. c4 e6 3. Nc3 Bb4 4. Bg5 h6 5. Bh4 0-0 6. e3 c5 7. a3 Bxc3+ 8. bxc3 cxd4 9. Bxf6 Qxf6 10. cxd4 d5 11. Nf3 dxc4 12. Bxc4 Bd7 13. 0-0 b5 14. Be2 Qe7 15. Qb3 a6 16. Ne5 Nc6 17. Bf3 Rac8 18. Nxd7 Qxd7 19. g3 Na5 20. Qd3 Rc4 21. Rfc1 Rfc8 22. Rxc4 Rxc4 23. Qe4 Nb3 24. Ra2 a5 25. Rb2 Rc1+ 26. Kg2 a4 27. Rc2 Rxc2 28. Qxc2 Qd6 29. Qc8+ Kh7 30. Qe8 Nd2 31. Be2 Qxa3 32. Qxf7 Qb3 33. Bg4 Qb1 34. Kh3 Ne4 35. Kh4 Ng5 36. Qd7 a3 37. f4 a2 38. fxg5 hxg5+ 39. Kxg5 Qg6+ 40. Kf4 Qf6+ 41. Ke4 a1Q 42. Bxe6 Qb1+ 43. Kd5 Qb3+ 44. Kd6 Qb4+ 45. Kc6 Qc3+ 46. Kd5 Qxe3 47. Bf5+ Kh6 0-1

[Event "HUN-chT2 Charousek 0910"]
[Site "Hungary"]
[Date "2010.02.28"]
[Round "7"]
[White "Gal, Tibor"]
[Black "Jamrich, Gyorgy"]
[Result "0-1"]
[WhiteElo "2051"]
[BlackElo "2322"]
[PlyCount "88"]
[EventDate "2009.11.08"]
[EventType "team-tourn"]
[EventRounds "11"]
[EventCountry "HUN"]
[SourceTitle "EXT 2011"]
[Source "ChessBase"]
[SourceDate "2010.11.26"]
[SourceVersion "1"]
[SourceVersionDate "2010.11.26"]
[SourceQuality "1"]
[WhiteTeam "Sarvar"]
[BlackTeam "Tatai Honved"]
[WhiteTeamCountry "HUN"]
[BlackTeamCountry "HUN"]

1. e4 c5 2. Nf3 d6 3. d4 cxd4 4. Nxd4 Nf6 5. Nc3 a6 6. Bc4 e6 7. Bb3 b5 8. 0-0 Bb7 9. Qf3 b4 10. Nce2 Bxe4 11. Qe3 e5 12. f3 Bb7 13. f4 e4 14. Ba4+ Nbd7 15. Nc6 Qc7 16. Ned4 d5 17. Ne5 Bc5 18. c3 0-0 19. cxb4 Bxb4 20. Qg3 Bd6 21. Nf5 g6 22. Qg5 Kh8 23. Qh6 gxf5 24. Nxd7 Nxd7 25. Bxd7 Bc5+ 26. Kh1 Qd6 27. Qxd6 Bxd6 28. Bxf5 Bc8 29. Bxc8 Raxc8 30. Rd1 Rc2 31. Rxd5 Bc5 32. Bd2 f6 33. Bc3 Bf2 34. Rd6 Kg7 35. Rxa6 Kg6 36. g4 e3 37. Rf1 h6 38. Re6 h5 39. gxh5+ Kf5 40. Re7 Rh8 41. Rg7 Rxh5 42. Rg2 Rh6 43. Be1 Rc1 44. b4 Rxe1 0-1

[Event "HUN-chT2 Charousek 0910"]
[Site "Hungary"]
[Date "2009.12.20"]
[Round "4"]
[White "Gal, Tibor"]
[Black "Kalisky, Vladimir"]
[Result "0-1"]
[WhiteElo "2051"]
[BlackElo "2271"]
[PlyCount "52"]
[EventDate "2009.11.08"]
[EventType "team-tourn"]
[EventRounds "11"]
[EventCountry "HUN"]
[SourceTitle "EXT 2011"]
[Source "ChessBase"]
[SourceDate "2010.11.26"]
[SourceVersion "1"]
[SourceVersionDate "2010.11.26"]
[SourceQuality "1"]
[WhiteTeam "Sarvar"]
[BlackTeam "Pannonpower"]
[WhiteTeamCountry "HUN"]
[BlackTeamCountry "HUN"]

1. e4 e5 2. Nf3 Nc6 3. Bc4 Bc5 4. 0-0 Nf6 5. d4 exd4 6. e5 d5 7. exf6 dxc4 8. fxg7 Rg8 9. Re1+ Be6 10. Ng5 Qd5 11. Nc3 Qf5 12. Nce4 Rxg7 13. g4 Qe5 14. Nxc5 Qxc5 15. Rxe6+ fxe6 16. Nxe6 Qe5 17. Nxg7+ Qxg7 18. f4 0-0-0 19. g5 d3 20. c3 d2 21. Qg4+ Qd7 22. Qxd7+ Rxd7 23. Bxd2 Rxd2 24. f5 Ne5 25. Kf1 Rxh2 26. f6 Rh1+ 0-1

[Event "HUN-chT2 Charousek 0910"]
[Site "Hungary"]
[Date "2009.11.22"]
[Round "2"]
[White "Gal, Tibor"]
[Black "Farkas, Zsolt"]
[Result "0-1"]
[WhiteElo "2051"]
[BlackElo "2194"]
[PlyCount "58"]
[EventDate "2009.11.08"]
[EventType "team-tourn"]
[EventRounds "11"]
[EventCountry "HUN"]
[SourceTitle "EXT 2011"]
[Source "ChessBase"]
[SourceDate "2010.11.26"]
[SourceVersion "1"]
[SourceVersionDate "2010.11.26"]
[SourceQuality "1"]
[WhiteTeam "Sarvar"]
[BlackTeam "Csuti II"]
[WhiteTeamCountry "HUN"]
[BlackTeamCountry "HUN"]

1. e4 c5 2. Nf3 Nc6 3. d4 cxd4 4. Nxd4 Nf6 5. Nc3 e5 6. Ndb5 d6 7. Bg5 a6 8. Na3 b5 9. Nd5 Be7 10. Bxf6 Bxf6 11. c3 Ne7 12. Nxf6+ gxf6 13. Nc2 Bb7 14. a4 Bxe4 15. axb5 axb5 16. Bxb5+ Kf8 17. Rxa8 Qxa8 18. Ne3 Qb7 19. c4 Qb6 20. 0-0 Rg8 21. g3 f5 22. Qh5 Rg6 23. Qxh7 f4 24. Ng4 fxg3 25. Qh4 f5 26. hxg3 fxg4 27. Qh8+ Ng8 28. Qh5 Rh6 29. Qe8+ Kg7 0-1

[Event "HUN-chT2 Charousek 0910"]
[Site "Hungary"]
[Date "2009.11.08"]
[Round "1"]
[White "Tamas, Milan"]
[Black "Gal, Tibor"]
[Result "1-0"]
[WhiteElo "2155"]
[BlackElo "2051"]
[PlyCount "33"]
[EventDate "2009.11.08"]
[EventType "team-tourn"]
[EventRounds "11"]
[EventCountry "HUN"]
[SourceTitle "EXT 2011"]
[Source "ChessBase"]
[SourceDate "2010.11.26"]
[SourceVersion "1"]
[SourceVersionDate "2010.11.26"]
[SourceQuality "1"]
[WhiteTeam "Haladas II"]
[BlackTeam "Sarvar"]
[WhiteTeamCountry "HUN"]
[BlackTeamCountry "HUN"]

1. d4 d5 2. Nc3 Nf6 3. Bg5 e6 4. e4 dxe4 5. Nxe4 Be7 6. Bxf6 Bxf6 7. Nf3 Nc6 8. c3 b6 9. Bd3 Bb7 10. Qc2 h6 11. 0-0-0 Qd5 12. Kb1 a5 13. Rhe1 Ba6 14. Nxf6+ gxf6 15. Be4 Qb5 16. a4 Qc4 17. b3 1-0

[Event "HUN-chT U18"]
[Site "Miskolc"]
[Date "2009.10.29"]
[Round "7.7"]
[White "Zsipi, Alex Mark"]
[Black "Gal, Tibor"]
[Result "1-0"]
[WhiteElo "1905"]
[BlackElo "2051"]
[PlyCount "59"]
[EventDate "2009.10.26"]
[EventType "team-swiss"]
[EventRounds "8"]
[EventCountry "HUN"]
[SourceTitle "EXT 2016"]
[Source "ChessBase"]
[SourceDate "2015.10.08"]
[SourceVersion "1"]
[SourceVersionDate "2015.10.08"]
[SourceQuality "1"]

1. e4 c5 2. Nf3 Nc6 3. d4 cxd4 4. Nxd4 d6 5. Nc3 Nf6 6. Be3 a6 7. Bc4 e6 8. Bb3 Be7 9. 0-0 Na5 10. Qe2 b5 11. Rfd1 Qc7 12. f3 Bb7 13. Bxe6 fxe6 14. Nxe6 Qc4 15. Nxg7+ Kf7 16. Nf5 Qe6 17. Bf4 d5 18. Nd4 Qb6 19. e5 Bc5 20. Be3 Ne8 21. e6+ Kf6 22. Qf2 Rg8 23. Qh4+ Kg7 24. Kh1 Kh8 25. Nce2 Nc4 26. Bf4 Nxb2 27. Be5+ Ng7 28. Nf4 Rge8 29. Bxg7+ Kxg7 30. Nf5+ 1-0

[Event "HUN-chT2 Charousek 0809"]
[Site "Hungary"]
[Date "2009.04.05"]
[Round "10"]
[White "Gal, Tibor"]
[Black "Karsa, Laszlo"]
[Result "0-1"]
[WhiteElo "2004"]
[BlackElo "2340"]
[PlyCount "64"]
[EventDate "2008.10.26"]
[EventType "team-tourn"]
[EventRounds "11"]
[EventCountry "HUN"]
[SourceTitle "EXT 2010"]
[Source "ChessBase"]
[SourceDate "2010.11.25"]
[SourceVersion "1"]
[SourceVersionDate "2010.11.25"]
[SourceQuality "1"]
[WhiteTeam "Sarvar"]
[BlackTeam "Pannonpower"]
[WhiteTeamCountry "HUN"]
[BlackTeamCountry "HUN"]

1. e4 e5 2. Nf3 Nc6 3. Bc4 d6 4. d4 exd4 5. Nxd4 Nf6 6. Nxc6 bxc6 7. Bg5 Be7 8. Nc3 0-0 9. Bxf6 Bxf6 10. Qf3 Rb8 11. Bb3 Ba6 12. 0-0-0 c5 13. Nd5 Be5 14. c3 c4 15. Bc2 c6 16. Nb4 Bb7 17. Qe3 Qf6 18. g3 a5 19. Nxc6 Bxc6 20. f4 Qh6 21. Rhe1 Bf6 22. Rxd6 Rfd8 23. Rxc6 Bxc3 24. Qxc3 Qxc6 25. g4 Qc5 26. e5 Qd4 27. Rf1 Rb5 28. h3 Qxc3 29. bxc3 g5 30. fxg5 Rxe5 31. Rf5 Re1+ 32. Kb2 Rd2 0-1

[Event "HUN-chT2 Szechenyi 0708"]
[Site "Hungary"]
[Date "2008.03.02"]
[Round "7"]
[White "Gal, Tibor"]
[Black "Hajdu, Istvan"]
[Result "0-1"]
[WhiteElo "1944"]
[BlackElo "1946"]
[PlyCount "164"]
[EventDate "2007.10.14"]
[EventType "team"]
[EventRounds "11"]
[EventCountry "HUN"]
[SourceTitle "EXT 2009"]
[Source "ChessBase"]
[SourceDate "2008.11.26"]
[SourceVersion "1"]
[SourceVersionDate "2008.11.26"]
[SourceQuality "1"]
[WhiteTeam "Sarvar"]
[BlackTeam "Haladas III"]
[WhiteTeamCountry "HUN"]
[BlackTeamCountry "HUN"]

1. e4 g6 2. Nc3 Bg7 3. d4 d6 4. Bc4 c6 5. Nf3 b5 6. Bb3 a5 7. a3 Ba6 8. Bxf7+ Kxf7 9. Ng5+ Ke8 10. Ne6 Qc8 11. Nxg7+ Kf7 12. Nf5 gxf5 13. Qh5+ Kf8 14. exf5 Qe8 15. Bh6+ Nxh6 16. Qxh6+ Kf7 17. Ne4 Qg8 18. Qh5+ Kf8 19. 0-0-0 Qf7 20. Qh6+ Qg7 21. Qh4 h6 22. f4 Nd7 23. g4 Nf6 24. Nxf6 exf6 25. Rhe1 Bc8 26. Re3 Bd7 27. Rde1 b4 28. Qg3 Qf7 29. Kb1 Rg8 30. Qh4 Qg7 31. h3 bxa3 32. Rxa3 Rh8 33. Qg3 Qf7 34. Qc3 Kg7 35. Rxa5 Rxa5 36. Qxa5 Re8 37. Rg1 d5 38. Qc7 Qe7 39. h4 Rc8 40. Qb7 Kf7 41. h5 Rg8 42. Qc7 Rc8 43. Qb7 Qd8 44. g5 Rb8 45. Qa7 Ra8 46. Qc5 hxg5 47. h6 Bxf5 48. fxg5 Qa5 49. Qxa5 Rxa5 50. Rf1 Kg6 51. h7 Ra8 52. gxf6 Kxf6 53. Rf2 Rh8 54. Ka2 Rxh7 55. Kb3 Rb7+ 56. Kc3 Ke6 57. Rh2 Be4 58. b4 Rg7 59. Kb3 Rg3+ 60. c3 Rg1 61. Rh3 Rb1+ 62. Ka2 Kd7 63. Rh4 Rc1 64. Kb3 Kc7 65. Kb2 Rd1 66. Rh8 Bd3 67. Rg8 Rb1+ 68. Ka2 Re1 69. Rf8 Ba6 70. Rg8 Bb5 71. Kb3 Kd6 72. Rf8 Ke7 73. Rf4 Re6 74. Rf5 Rf6 75. Re5+ Kf7 76. Re3 Rf5 77. Rg3 Kf6 78. Rg8 Rf4 79. Rf8+ Kg5 80. Rg8+ Kf5 81. Rf8+ Ke4 82. Rxf4+ Kxf4 0-1

[Event "HUN-chT2 Szechenyi 0607"]
[Site "Hungary"]
[Date "2007.03.04"]
[Round "6"]
[White "Varga, Tibor"]
[Black "Gal, Tibor"]
[Result "0-1"]
[WhiteElo "2025"]
[BlackElo "1893"]
[PlyCount "88"]
[EventDate "2006.11.12"]
[EventType "team"]
[EventRounds "11"]
[EventCountry "HUN"]
[SourceTitle "EXT 2008"]
[Source "ChessBase"]
[SourceDate "2007.11.25"]
[SourceVersion "1"]
[SourceVersionDate "2007.11.25"]
[SourceQuality "1"]
[WhiteTeam "Haladas II"]
[BlackTeam "Sarvar"]
[WhiteTeamCountry "HUN"]
[BlackTeamCountry "HUN"]

1. e4 c6 2. d4 d5 3. e5 Bf5 4. Bd3 Bxd3 5. Qxd3 e6 6. Nf3 Nd7 7. Nbd2 Qc7 8. c3 c5 9. a3 Ne7 10. Nf1 Rc8 11. Bd2 Nc6 12. b4 cxd4 13. cxd4 a5 14. Rb1 axb4 15. axb4 Qb6 16. b5 Na5 17. Ne3 Nc4 18. 0-0 Be7 19. Rfc1 Qc7 20. Nxc4 dxc4 21. Qe2 0-0 22. Bg5 Nb6 23. Be3 Nd5 24. Nd2 c3 25. Ne4 Qc4 26. Qc2 Ba3 27. Rd1 Nb4 28. Rxb4 Bxb4 29. Ng5 g6 30. Qe4 c2 31. Rc1 Qe2 32. h3 Qd1+ 33. Kh2 Ba3 34. Qh4 Qh5 35. Qxh5 gxh5 36. Ra1 c1Q 37. Bxc1 Bxc1 38. Ne4 Bb2 39. Ra4 h4 40. g4 hxg3+ 41. Kxg3 Ra8 42. Rb4 Ba3 43. Rc4 Rfc8 44. Nf6+ Kh8 0-1